|
|
|
|
| LEADER |
00000cas a2200000 c 4500 |
| 001 |
166965952 |
| 003 |
DE-627 |
| 005 |
20230404173652.0 |
| 007 |
tu |
| 008 |
941029c19659999sz z| p| 0 |0und c |
| 016 |
7 |
|
|a 012078271
|2 DE-101
|
| 016 |
7 |
|
|a 354408-4
|2 DE-600
|
| 035 |
|
|
|a (DE-627)166965952
|
| 035 |
|
|
|a (DE-576)015415430
|
| 035 |
|
|
|a (DE-599)ZDB354408-4
|
| 035 |
|
|
|a (OCoLC)1367285401
|
| 040 |
|
|
|a DE-627
|b ger
|c DE-627
|e rakwb
|
| 044 |
|
|
|c XA-CH
|
| 082 |
0 |
4 |
|a 230
|a 360
|q DE-600
|
| 245 |
0 |
0 |
|a Grandir
|c Maison Saint Antoine Soleure
|
| 264 |
3 |
1 |
|a Soleure
|b Maison
|c 1965-
|
| 336 |
|
|
|a Text
|b txt
|2 rdacontent
|
| 337 |
|
|
|a ohne Hilfsmittel zu benutzen
|b n
|2 rdamedia
|
| 338 |
|
|
|a Band
|b nc
|2 rdacarrier
|
| 362 |
0 |
|
|a 1965 -
|
| 363 |
0 |
1 |
|i 1965
|
| 591 |
|
|
|a 300586
|
| 655 |
|
7 |
|a Zeitschrift
|0 (DE-588)4067488-5
|0 (DE-627)10454466X
|0 (DE-576)20917000X
|2 gnd-content
|
| 780 |
0 |
0 |
|i Vorg.
|t Laissez venir à moi les petits enfants
|d Soleure, 1947
|w (DE-627)166965944
|w (DE-600)354407-2
|w (DE-576)015415422
|k Non-Electronic
|
| 935 |
|
|
|a mteo
|
| 951 |
|
|
|a JT
|
| ELC |
|
|
|b 1
|
| ORI |
|
|
|a SA-MARC-ixtheo_oa001.raw
|
| REL |
|
|
|a 1
|
| SUB |
|
|
|a REL
|